00574 2200193 4500001002100000005001500021035002000036007000300056008003900059082000700098084001300105100002700118245012900145250001000274260004600284300002300330600001200353990001500365INLIS00000000000989220260417090929 a0010-0426000273ta260417 | | |  a51 a51 ANG p0 aANGGRAINI KUMALA PUTRI1 aPENGARUH KEGIATAN PEREKONOMIAN MASYARAKAT TERHADAP KINERJA JALAN SETH ADJI DI ( STA 0+00 - 0=250 ) /cANGGRAINI KUMALA PUTRI aCet 1 aPalangka Raya :bPerpustakaan UMPR,c2023 ax, 34 hlm :bilus. 4aSKRIPSI a1851020040